[Event "Dortmund Sparkassen op 49th"]
[Site "Dortmund"]
[Date "2022.07.17"]
[Round "2"]
[White "Warmerdam, Max"]
[Black "Maleki, Manuel"]
[Result "1-0"]
[WhiteElo "2610"]
[BlackElo "2237"]
[PlyCount "89"]
[EventDate "2022.07.16"]
[EventType "swiss"]
[EventRounds "9"]
[EventCountry "GER"]
[SourceTitle "CBM 209 Extra"]
[Source "ChessBase"]
[SourceDate "2022.09.30"]
[SourceVersion "1"]
[SourceVersionDate "2022.09.30"]
[SourceQuality "1"]

1. e4 c5 2. Nf3 e6 3. c3 d5 4. exd5 Qxd5 5. d4 Nf6 6. Na3 Qd8 7. Bf4 Nc6 8. dxc5 Nd5 9. Be5 Bxc5 10. Bxg7 Rg8 11. Bd4 Nxd4 12. Nxd4 e5 13. Nb3 Bxf2+ 14. Kxf2 Qf6+ 15. Qf3 Nf4 16. Ke1 Bg4 17. Qxb7 Rd8 18. Nc4 Nd5 19. Qxa7 Rg5 20. Ne3 Qf4 21. Bb5+ Kf8 22. g3 Qe4 23. Rf1 f5 24. Bc6 Qxe3+ 25. Qxe3 Nxe3 26. Rf2 Rg6 27. Be4 Rgd6 28. Bc2 Nxc2+ 29. Rxc2 Rd1+ 30. Rxd1 Rxd1+ 31. Kf2 Rh1 32. Kg2 Re1 33. h3 Bh5 34. Rf2 Bg6 35. Rf1 Re2+ 36. Rf2 Re1 37. Nc5 Ke7 38. Rd2 Be8 39. Nd3 Re4 40. Kf2 Bh5 41. Nc5 Rc4 42. Rd7+ Kf6 43. Rxh7 Bf7 44. Nd7+ Kg6 45. Rxf7 1-0

[Event "Paris-ch op 90th"]
[Site "Paris"]
[Date "2015.07.05"]
[Round "2"]
[White "Maleki, Manuel"]
[Black "Basso, Pier Luigi"]
[Result "0-1"]
[WhiteElo "2235"]
[BlackElo "2439"]
[PlyCount "64"]
[EventDate "2015.07.04"]
[EventType "swiss"]
[EventRounds "9"]
[EventCountry "FRA"]
[SourceTitle "CBM 167 Extra"]
[Source "ChessBase"]
[SourceDate "2015.09.14"]
[SourceVersion "1"]
[SourceVersionDate "2015.09.14"]
[SourceQuality "1"]

1. Nf3 d5 2. d4 Nf6 3. c4 c6 4. g3 dxc4 5. Qc2 Bg4 6. Nbd2 Nbd7 7. e4 Qa5 8. Bg2 Bxf3 9. Bxf3 e5 10. 0-0 b5 11. dxe5 Nxe5 12. Bg2 Rd8 13. Nf3 Nfd7 14. Nd4 Bc5 15. Nf5 g6 16. Nh6 Nd3 17. Bd2 Qb6 18. Bc3 f6 19. Qe2 N7e5 20. h3 b4 21. Bxe5 fxe5 22. b3 Bxf2+ 23. Kh2 c3 24. Rad1 Qe3 25. Qg4 Qxg3+ 26. Qxg3 Bxg3+ 27. Kxg3 Rf8 28. Bf3 c2 29. Ra1 Rf4 30. Ng4 h5 31. Nxe5 h4+ 32. Kg2 Nxe5 0-1

[Event "BCF-chT3S 1415 (4NCL)"]
[Site "England"]
[Date "2014.11.15"]
[Round "1.145"]
[White "Wagner, Guy"]
[Black "Maleki, Manuel"]
[Result "0-1"]
[WhiteElo "1887"]
[BlackElo "2260"]
[PlyCount "54"]
[EventDate "2014.11.15"]
[EventType "team-swiss"]
[EventRounds "6"]
[EventCountry "ENG"]
[SourceTitle "CBM 163 Extra"]
[Source "ChessBase"]
[SourceDate "2014.12.23"]
[SourceVersion "1"]
[SourceVersionDate "2014.12.23"]
[SourceQuality "1"]
[WhiteTeam "Celtic Tigers II"]
[BlackTeam "Fermented Sharks"]
[WhiteTeamCountry "ENG"]
[BlackTeamCountry "ENG"]

1. d4 Nf6 2. Bg5 Ne4 3. Bf4 c5 4. f3 Nf6 5. d5 Qb6 6. b3 Qb4+ 7. Bd2 Qd4 8. c3 Qxd5 9. e4 Qe5 10. Ne2 Qc7 11. Na3 a6 12. g4 h6 13. Bg2 Nc6 14. Qc2 b5 15. h4 Bb7 16. 0-0-0 0-0-0 17. g5 Nh5 18. f4 e5 19. f5 Nf4 20. Nxf4 exf4 21. Kb2 Be7 22. Qc1 hxg5 23. hxg5 Bxg5 24. Rdf1 Rxh1 25. Rxh1 Re8 26. Rh5 f6 27. Qh1 f3 0-1

[Event "Lille Luce op 4th"]
[Site "Lille"]
[Date "2013.04.17"]
[Round "7"]
[White "Maleki, Manuel"]
[Black "Flick, Antoine"]
[Result "1/2-1/2"]
[WhiteElo "2297"]
[BlackElo "1905"]
[PlyCount "89"]
[EventDate "2013.04.13"]
[EventType "swiss"]
[EventRounds "9"]
[EventCountry "FRA"]
[SourceTitle "CBM 154 Extra"]
[Source "ChessBase"]
[SourceDate "2013.06.25"]
[SourceVersion "2"]
[SourceVersionDate "2013.06.25"]
[SourceQuality "1"]

1. Nf3 Nf6 2. c4 e6 3. Nc3 d5 4. d4 Be7 5. g3 0-0 6. Bg2 c6 7. 0-0 b6 8. b3 Nbd7 9. Bb2 Bb7 10. Qc2 Qc8 11. Rac1 Re8 12. Qb1 Qb8 13. Rfe1 a6 14. Rcd1 Qc7 15. Ne5 Nxe5 16. dxe5 Ng4 17. cxd5 cxd5 18. Qa1 Bc5 19. e3 Nxe5 20. Nb5 axb5 21. Bxe5 Qe7 22. Bxg7 e5 23. Bh6 Qf6 24. Bxd5 Bxd5 25. Rxd5 Qxh6 26. Rxe5 Qg7 27. Rxe8+ Rxe8 28. Qd1 b4 29. Qd7 Qe5 30. Rd1 Re6 31. Rd5 Qf6 32. Qc8+ Kg7 33. h4 Qf3 34. Rg5+ Rg6 35. Rf5 Qc6 36. Qb8 Bd6 37. Qa7 Qc7 38. Qxc7 Bxc7 39. Rb5 Rg4 40. Kg2 Kg6 41. f4 Kf6 42. Rxb4 Ke6 43. Re4+ Kd7 44. Rd4+ Ke6 45. Re4+ 1/2-1/2

[Event "BEL-chT 1213"]
[Site "Belgium"]
[Date "2012.10.21"]
[Round "3.4"]
[White "Maleki, Manuel"]
[Black "Moussard, Jules"]
[Result "0-1"]
[WhiteElo "2279"]
[BlackElo "2437"]
[PlyCount "70"]
[EventDate "2012.09.23"]
[EventType "team-tourn"]
[EventRounds "11"]
[EventCountry "BEL"]
[SourceTitle "EXT 2013"]
[Source "ChessBase"]
[SourceDate "2012.11.22"]
[SourceVersion "1"]
[SourceVersionDate "2012.11.22"]
[SourceQuality "1"]
[WhiteTeam "Anderlecht"]
[BlackTeam "Amay"]
[WhiteTeamCountry "BEL"]
[BlackTeamCountry "BEL"]

1. Nf3 d6 2. d4 g6 3. c4 Bg7 4. e4 Nd7 5. Be2 e5 6. 0-0 Ne7 7. Nc3 0-0 8. Be3 Nc6 9. d5 Ne7 10. Nd2 f5 11. f3 f4 12. Bf2 Rf7 13. b4 b6 14. a4 g5 15. a5 bxa5 16. Rxa5 c5 17. Nb5 cxb4 18. Nb3 Nc5 19. Rxa7 Rxa7 20. Nxa7 Na4 21. Qd2 Nc3 22. Nb5 Nxe2+ 23. Qxe2 g4 24. fxg4 Ng6 25. Qd2 Bxg4 26. Qxb4 Bf8 27. Nd2 Qg5 28. Kh1 f3 29. gxf3 Rxf3 30. Bg3 Rxf1+ 31. Nxf1 Nf4 32. Qa3 Be2 33. Kg1 Bxc4 34. Nc7 Qg4 35. Kf2 Qe2+ 0-1

[Event "BEL-chT 1213"]
[Site "Belgium"]
[Date "2012.09.23"]
[Round "1.3"]
[White "Gulbas, Cemil"]
[Black "Maleki, Manuel"]
[Result "1-0"]
[WhiteElo "2396"]
[BlackElo "2279"]
[PlyCount "49"]
[EventDate "2012.09.23"]
[EventType "team-tourn"]
[EventRounds "11"]
[EventCountry "BEL"]
[SourceTitle "CBM 150 Extra"]
[Source "ChessBase"]
[SourceDate "2012.10.19"]
[SourceVersion "1"]
[SourceVersionDate "2012.10.19"]
[SourceQuality "1"]
[WhiteTeam "Wirtzfeld"]
[BlackTeam "Anderlecht"]
[WhiteTeamCountry "BEL"]
[BlackTeamCountry "BEL"]

1. e4 c5 2. Nf3 e6 3. d4 cxd4 4. Nxd4 a6 5. Nc3 Qc7 6. g3 b5 7. Bg2 Bb7 8. 0-0 d6 9. a4 bxa4 10. Re1 Nd7 11. Rxa4 Ne7 12. Ndb5 axb5 13. Rxa8+ Bxa8 14. Nxb5 Qc6 15. Nxd6+ Kd8 16. Nxf7+ Ke8 17. Nd6+ Kd8 18. Nf7+ Ke8 19. Nxh8 g6 20. Qf3 Ne5 21. Qf6 Qd6 22. Bf4 N7c6 23. Nf7 Qb4 24. Qxe6+ Be7 25. c3 1-0

[Event "Pula op 25th"]
[Site "Pula"]
[Date "2011.06.23"]
[Round "7"]
[White "Maleki, Manuel"]
[Black "Saric, Ante"]
[Result "1/2-1/2"]
[WhiteElo "2261"]
[BlackElo "2489"]
[PlyCount "130"]
[EventDate "2011.06.18"]
[EventType "swiss"]
[EventRounds "9"]
[EventCountry "CRO"]
[SourceTitle "CBM 143 Extra"]
[Source "ChessBase"]
[SourceDate "2011.08.29"]
[SourceVersion "1"]
[SourceVersionDate "2011.08.29"]
[SourceQuality "1"]

1. Nf3 Nf6 2. c4 e6 3. Nc3 d5 4. d4 dxc4 5. e3 a6 6. Bxc4 b5 7. Be2 Bb7 8. 0-0 Nbd7 9. a4 b4 10. Nb1 c5 11. Nbd2 Be7 12. a5 0-0 13. Nc4 Ne4 14. Bd3 Rc8 15. Qe2 Qc7 16. Nfe5 Nb8 17. b3 f6 18. Nf3 Nc3 19. Qc2 Bxf3 20. gxf3 f5 21. dxc5 Bxc5 22. Bb2 Qb7 23. Bxc3 bxc3 24. Be2 Bb4 25. Rfd1 Rcd8 26. Rxd8 Rxd8 27. Rd1 Rxd1+ 28. Qxd1 Qd7 29. Kf1 Qxd1+ 30. Bxd1 Nc6 31. Ke2 Nxa5 32. Nxa5 Bxa5 33. Kd3 Bb4 34. Kd4 g5 35. Ke5 Kf7 36. f4 gxf4 37. exf4 Bc5 38. f3 Ke7 39. h3 a5 40. Bc2 Be3 41. Bb1 Kf7 42. Bd3 Bf2 43. Bc2 Ke7 44. Bb1 h6 45. Bd3 Bc5 46. Bb1 Ba7 47. Bd3 Kf7 48. Bb1 Be3 49. Bd3 Ke7 50. Bb1 h5 51. Bd3 Bb6 52. Bb1 Ba7 53. Bc2 h4 54. Bb1 Bb8+ 55. Kd4 Bxf4 56. Kxc3 Kf6 57. Kd4 Bc7 58. Bd3 Bb6+ 59. Kc3 Kg5 60. Bc4 e5 61. Be6 Kf4 62. Kd3 Ba7 63. Bd7 e4+ 64. fxe4 fxe4+ 65. Ke2 Bc5 1/2-1/2

[Event "Chateauroux op"]
[Site "Chateauroux"]
[Date "2009.11.01"]
[Round "7"]
[White "Maleki, Manuel"]
[Black "Pinson, Jean Yves"]
[Result "1-0"]
[WhiteElo "2281"]
[BlackElo "2014"]
[PlyCount "39"]
[EventDate "2009.10.28"]
[EventType "swiss"]
[EventRounds "7"]
[EventCountry "FRA"]
[SourceTitle "EXT 2011"]
[Source "ChessBase"]
[SourceDate "2010.11.26"]
[SourceVersion "1"]
[SourceVersionDate "2010.11.26"]
[SourceQuality "1"]

1. Nf3 Nf6 2. c4 Nc6 3. d4 e6 4. a3 Ne7 5. Nc3 d5 6. Qc2 c6 7. e4 dxe4 8. Nxe4 Nf5 9. Nxf6+ gxf6 10. Qe4 h5 11. Bd3 Rg8 12. 0-0 Rg4 13. Qe2 Nxd4 14. Nxd4 Rxd4 15. Bc2 h4 16. Be3 Rd7 17. Qh5 b6 18. Qh8 Bb7 19. Rad1 c5 20. Ba4 1-0

[Event "FRA-chT2 0910"]
[Site "France"]
[Date "2009.10.18"]
[Round "3.3"]
[White "Maleki, Manuel"]
[Black "Luco, Alain"]
[Result "1-0"]
[WhiteElo "2258"]
[BlackElo "2139"]
[PlyCount "79"]
[EventDate "2009.09.27"]
[EventType "team-tourn"]
[EventRounds "11"]
[EventCountry "FRA"]
[SourceTitle "EXT 2011"]
[Source "ChessBase"]
[SourceDate "2010.11.26"]
[SourceVersion "1"]
[SourceVersionDate "2010.11.26"]
[SourceQuality "1"]

1. Nf3 Nf6 2. c4 g6 3. Nc3 Bg7 4. e4 d6 5. d4 0-0 6. Be2 Nbd7 7. 0-0 e5 8. Be3 Re8 9. d5 a6 10. Ne1 Qe7 11. b4 Rf8 12. Nd3 Ne8 13. c5 f5 14. f3 Ndf6 15. a4 f4 16. Bf2 g5 17. b5 h5 18. b6 cxb6 19. cxd6 Nxd6 20. Bxb6 g4 21. Nc5 gxf3 22. Bxf3 Nc4 23. Qb3 Nd6 24. Ne6 Bxe6 25. dxe6 Rfe8 26. Qb4 Qxe6 27. Bd1 Kh8 28. Bb3 Qe7 29. Bc5 Rad8 30. Rad1 Bf8 31. Rd3 a5 32. Qa3 Qc7 33. Nd5 Nxd5 34. Rxd5 Nxe4 35. Bxf8 Rxf8 36. Kh1 Qb6 37. Rxe5 Nf2+ 38. Rxf2 Qxf2 39. Rxh5+ Kg7 40. Qe7+ 1-0

[Event "FRA-chT2 West 0809"]
[Site "France"]
[Date "2009.02.08"]
[Round "7.1"]
[White "Vareille, Francois"]
[Black "Maleki, Manuel"]
[Result "0-1"]
[WhiteElo "2406"]
[BlackElo "2239"]
[PlyCount "100"]
[EventDate "2008.10.19"]
[EventType "tourn"]
[EventRounds "11"]
[EventCountry "FRA"]
[SourceTitle "EXT 2010"]
[Source "ChessBase"]
[SourceDate "2010.11.25"]
[SourceVersion "1"]
[SourceVersionDate "2010.11.25"]
[SourceQuality "1"]
[WhiteTeam "Le Chesnay"]
[BlackTeam "Tours"]
[WhiteTeamCountry "FRA"]
[BlackTeamCountry "FRA"]

1. d4 Nf6 2. c4 e6 3. Nc3 Bb4 4. e3 0-0 5. Nge2 d5 6. a3 Be7 7. Ng3 c5 8. dxc5 Bxc5 9. b4 Bd6 10. Bb2 Nc6 11. cxd5 exd5 12. Nb5 Bb8 13. Bd3 Ne5 14. Rc1 Bg4 15. f3 Nxd3+ 16. Qxd3 Be6 17. 0-0 a6 18. Bxf6 Qxf6 19. Nc7 Bxc7 20. Rxc7 Rac8 21. Rfc1 Qe5 22. Rxc8 Rxc8 23. Rxc8+ Bxc8 24. Ne2 Qa1+ 25. Kf2 Be6 26. Qc3 Qa2 27. Qe5 h6 28. Qb8+ Kh7 29. Qxb7 Qxa3 30. Nf4 Qb2+ 31. Ne2 a5 32. b5 a4 33. b6 a3 34. Qa6 a2 35. b7 d4 36. exd4 Bc4 37. Qxc4 a1Q 38. Qxf7 Qab1 39. Qe8 Qxb7 40. Nf4 Qf5 41. Ne2 Qbd5 42. Qe3 Qde6 43. Qd2 Qeg6 44. Qe3 Qgg5 45. Qc3 Qh4+ 46. Ng3 Qg6 47. d5 Qxh2 48. Ne4 Qgxg2+ 49. Ke3 Qhg1+ 50. Kf4 Q2h2+ 0-1